| 000 | 00871cam a2200229 a 4500 | ||
|---|---|---|---|
| 005 | 20131028110943.0 | ||
| 008 | 090716s2008 xn b 000 0 alb | ||
| 020 | _a9989582831 | ||
| 041 | 0 |
_aalb _beng _bger |
|
| 080 |
_a327 _x(496.51)(4) |
||
| 100 | 1 | _aUkshini, Sylë | |
| 245 | 1 | 0 |
_aKosova në politikën e jashtme të BE-së 1991-2007 / _cSylë Ukshini. |
| 260 |
_aShkup ; _aPrishtinë : _bLogos-A, _c2008. |
||
| 300 |
_a338 f. ; _c24 cm. |
||
| 500 | _aParathënie : f. [9] - 16 | ||
| 504 | _aBibliografia : f. [317]-338. | ||
| 546 | _aTeksti në gjuhën shqipe me rezyme në gjuhën angleze dhe gjermane. | ||
| 650 |
_aMarrëdhënie ndërkombëtare _yKosova _yBashkimi Europian |
||
| 651 | 0 |
_aEuropean Union countries _xMarrëdhënie ndërkombëtare _zKosova |
|
| 651 | 0 |
_aKosovo (Republic) _xMarrëdhënie ndërkombëtare _zVendet e Unionit Europian |
|
| 942 |
_2udc _cBK |
||
| 999 |
_c182 _d182 |
||